00595cam a2200157 4500020002100000020002100021082001600042100002000058245002300078260004700101300001500148490012400163505010500287650002300392700002200415 a0080098347 (v.1) a0082009740 (v.2) a541.394 LAI aLaidler,Keith.J00aReaction kinetics. aOxford,aNew York,bPergamon Press,c1963- av.billus.1 aThe Commonwealth and International Library of Science, Technology, Engineering and Liberal Studies. Chemistry Division.0 av. 1. Homogeneous gas reactions, by K. J. Laidler.--v. 2. Reactions in solution, by K. J. Laidler. 0aChemical kinetics.1 aLaidler, Keith J.